000 01832cam a2200349Ia 4500
001 9780203387726
003 BD-DhSAU
005 20151012151721.0
006 a|||||s|||||||||||
007 cr||||
008 130729s2013 nyu sb 001 0 eng d
020 _a9780203387726 (e-book : PDF)
040 _aBD-DhSAU
_cBD-DhSAU
043 _an-us---
_ae-uk---
090 _aHD3872.U6
_b.W35 2013
092 _a338.8
_bW187
100 1 _aWall, Tony.
245 1 0 _aPublic-private partnerships in the USA
_h[electronic resource] :
_blessons to be learned for the United Kingdom /
_cAnthony Wall.
260 _aNew York :
_bRoutledge,
_c2013.
300 _aviii, 137 p.
490 1 _aRoutledge critical studies in public management ;
_v11
504 _aIncludes bibliographical references (p. [119]-133) and index.
505 0 _a1. Introduction -- 2. Background to public-private partnerships -- 3. Public-private partnerships in the USA, part I : Introduction, local authorities and urban regeneration -- 4. Public-private partnerships in the USA, part II : Transportation and infrastructure -- 5. Public-private partnerships in the USA, part III : Health and education -- 6. Public-private partnerships in the USA, part IV : Other sectors -- 7. The views of key stakeholders -- 8. Public-private partnerships in operation -- 9. Conclusions and areas for further research.
530 _aAlso available in print edition.
538 _aMode of access: World Wide Web.
650 0 _aPublic-private sector cooperation
_zUnited States.
650 0 _aPublic-private sector cooperation
_zGreat Britain.
655 7 _aElectronic books.
_2lcsh
776 1 _z9780415818797 (alk. paper)
830 0 _aRoutledge critical studies in public management ;
_v11.
856 4 0 _uhttp://www.tandfebooks.com/isbn/9780203387726
999 _c12753
_d12752